[Event "Stuttgarter Stadtmeisterschaft 2010 A"]
[Site "Ditzingen"]
[Date "2010.05.13"]
[Round "1.1"]
[White "Solodovnichenko, Yuri"]
[Black "Stets, Dmitry"]
[Result "1-0"]
[WhiteElo "2578"]
[BlackElo "2450"]
[PlyCount "45"]
[EventDate "2010.??.??"]

1. e4 c5 2. Nf3 d6 3. d4 cxd4 4. Nxd4 Nf6 5. Nc3 g6 6. Be3 Bg7 7. f3 O-O 8. Bc4
Nc6 9. Bb3 Na5 10. Qd2 Bd7 11. h4 h5 12. O-O-O Rc8 13. Bh6 Nxb3+ 14. axb3 Bxh6
15. Qxh6 e5 16. Nde2 Be6 17. g4 hxg4 18. f4 exf4 19. Nxf4 Qa5 20. Kb1 Qe5 21.
h5 Nxe4 22. Nxe4 Rxc2 23. Nd3 1-0

[Event "Stuttgarter Stadtmeisterschaft 2010 A"]
[Site "Ditzingen"]
[Date "2010.05.13"]
[Round "1.2"]
[White "Ikonnikov, Viacheslav"]
[Black "Fahnenschmidt, Gerhard"]
[Result "1-0"]
[WhiteElo "2558"]
[BlackElo "2059"]
[PlyCount "77"]
[EventDate "2010.??.??"]

1. d4 Nf6 2. Nf3 e6 3. c4 b6 4. g3 Ba6 5. b3 d5 6. cxd5 exd5 7. Bg2 Bd6 8. O-O
Nbd7 9. Nh4 g6 10. Nc3 c6 11. Bg5 h6 12. Bd2 Qe7 13. Re1 Ne4 14. Nxe4 dxe4 15.
Qc2 O-O 16. Bxe4 Rac8 17. Bxh6 Rfe8 18. Bxg6 Qf6 19. Bf5 Re7 20. Qd2 Rce8 21.
Bg5 Bb4 22. Qf4 Qg7 23. Bxd7 Bxe1 24. Bxe7 Rxe7 25. Nf5 Qf6 26. Nxe7+ Qxe7 27.
Qg4+ Kf8 28. Rxe1 Bb7 29. Bc8 Ba8 30. e4 Qb4 31. Rd1 c5 32. d5 b5 33. d6 Bc6
34. d7 Bxd7 35. Bxd7 c4 36. Bf5 cxb3 37. axb3 Ke7 38. Qg5+ f6 39. Qg7+ 1-0

[Event "Stuttgarter Stadtmeisterschaft 2010 A"]
[Site "Ditzingen"]
[Date "2010.05.13"]
[Round "1.3"]
[White "Turski, Tomasz"]
[Black "Teske, Henrik"]
[Result "0-1"]
[WhiteElo "2056"]
[BlackElo "2553"]
[PlyCount "106"]
[EventDate "2010.??.??"]

1. d4 d5 2. c4 dxc4 3. Nc3 c6 4. a4 Nf6 5. e3 Be6 6. Nf3 g6 7. Ne5 Nbd7 8. Nxc4
Bg7 9. Be2 Bxc4 10. Bxc4 e5 11. Qb3 O-O 12. O-O exd4 13. exd4 Nb6 14. a5 Nxc4
15. Qxc4 a6 16. Bg5 h6 17. Bxf6 Bxf6 18. Rfd1 Rc8 19. Ne4 Bg7 20. Nc5 Qc7 21.
Rac1 Rfd8 22. g3 Rd5 23. Rc3 Rcd8 24. Rcd3 Bf6 25. b4 Qc8 26. R3d2 Kg7 27. Kg2
Rh5 28. h4 Bxh4 29. Rh1 Bg5 30. Rxh5 Bxd2 31. Re5 Bg5 32. Ne4 Qd7 33. Nxg5 hxg5
34. Re4 Qd5 35. Qxd5 Rxd5 36. Re7 Rb5 37. Rd7 g4 38. f3 gxf3+ 39. Kxf3 Kf6 40.
Ke3 Rxb4 41. d5 cxd5 42. Rxd5 Ke6 43. Rc5 Kd6 44. Rc8 Rb5 45. Rb8 g5 46. g4 Rb4
47. Kf3 Kc6 48. Kg3 Rb3+ 49. Kf2 Rb5 50. Rf8 Rxa5 51. Rxf7 Re5 52. Rf6+ Kc5 53.
Kf3 a5 0-1

[Event "Stuttgarter Stadtmeisterschaft 2010 A"]
[Site "Ditzingen"]
[Date "2010.05.13"]
[Round "1.4"]
[White "Lobzhanidze, Davit"]
[Black "Keller, Harald"]
[Result "1-0"]
[WhiteElo "2510"]
[BlackElo "2052"]
[PlyCount "65"]
[EventDate "2010.??.??"]

1. e4 Nf6 2. e5 Nd5 3. d4 d6 4. c4 Nb6 5. exd6 exd6 6. Nc3 g6 7. Be3 Bg7 8. Rc1
O-O 9. b3 Nc6 10. d5 Ne5 11. Be2 Ned7 12. Nf3 Nf6 13. O-O Bg4 14. h3 Bxf3 15.
Bxf3 Rc8 16. Re1 Nbd7 17. Bxa7 b6 18. a4 Ra8 19. Nb5 Ne8 20. a5 bxa5 21. Bd4
Ne5 22. Be2 g5 23. c5 dxc5 24. Bxc5 Nd6 25. Nd4 Ne4 26. Nf5 Nxc5 27. Rxc5 Bf6
28. Bf1 Qd7 29. Nh6+ Kh8 30. Bb5 Qd6 31. Qc2 Bg7 32. Nf5 Qd8 33. Nxg7 1-0

[Event "Stuttgarter Stadtmeisterschaft 2010 A"]
[Site "Ditzingen"]
[Date "2010.05.13"]
[Round "1.5"]
[White "Sieker, Roland"]
[Black "Schmittdiel, Eckhard"]
[Result "0-1"]
[WhiteElo "2050"]
[BlackElo "2473"]
[PlyCount "84"]
[EventDate "2010.??.??"]

1. e4 c5 2. Nf3 Nc6 3. c3 d5 4. exd5 Qxd5 5. d4 Bg4 6. Be2 Nf6 7. O-O e6 8. Qa4
cxd4 9. Nxd4 Bxe2 10. Nxe2 Bc5 11. Nd2 O-O 12. Nf3 b5 13. Qh4 e5 14. Ng3 e4 15.
Ng5 Rfe8 16. Be3 h6 17. Nh3 Ne5 18. Nf4 Qc6 19. Nf5 Bf8 20. Bd4 Kh7 21. Nh3 Ng6
22. Qg3 Qe6 23. Ne3 Nh5 24. Qg4 Qxg4 25. Nxg4 f5 26. Ne3 f4 27. Nd5 Rad8 28.
Nc7 Re7 29. Nxb5 Rb7 30. Nxa7 Rxd4 31. cxd4 Rxa7 32. Rfb1 Nf6 33. b4 Nd5 34. b5
Bb4 35. a4 e3 36. fxe3 fxe3 37. b6 Re7 38. a5 e2 39. Kf2 Bc3 40. b7 Bxd4+ 41.
Kf3 Re3+ 42. Kg4 Nf6+ 0-1

[Event "Stuttgarter Stadtmeisterschaft 2010 A"]
[Site "Ditzingen"]
[Date "2010.05.13"]
[Round "1.7"]
[White "Gehringer, Frank"]
[Black "Zeller, Frank"]
[Result "0-1"]
[WhiteElo "2039"]
[BlackElo "2420"]
[PlyCount "82"]
[EventDate "2010.??.??"]

1. e4 c5 2. Nf3 d6 3. d4 cxd4 4. Nxd4 Nf6 5. f3 a6 6. c4 e6 7. Be2 Be7 8. Be3
O-O 9. O-O b6 10. Nc3 Bb7 11. Qd2 Qc7 12. Rac1 Nbd7 13. Rfd1 Rac8 14. Kh1 Qb8
15. Nc2 Rfe8 16. Bf1 Ba8 17. a3 Nc5 18. Qf2 Nb3 19. Rb1 Nd7 20. Nd4 Na5 21. b3
b5 22. cxb5 Rxc3 23. Bd2 Rc5 24. Bxa5 axb5 25. Nxb5 Rxb5 26. Bxb5 Qxb5 27. Bc7
d5 28. exd5 Bxd5 29. a4 Qb7 30. Rdc1 Rc8 31. Qg3 h5 32. h4 Qb4 33. f4 Nc5 34.
Be5 f6 35. Bc3 Qe4 36. Bd2 Rd8 37. b4 Bc6 38. Re1 Qf5 39. bxc5 Rxd2 40. Ra1 Kh7
41. Rg1 Rd3 0-1

[Event "Stuttgarter Stadtmeisterschaft 2010 A"]
[Site "Ditzingen"]
[Date "2010.05.13"]
[Round "1.8"]
[White "Donchenko, Anatoly"]
[Black "Roth, Stefan"]
[Result "1-0"]
[WhiteElo "2395"]
[BlackElo "2034"]
[PlyCount "77"]
[EventDate "2010.??.??"]

1. d4 c5 2. d5 Nf6 3. Nc3 g6 4. e4 d6 5. h3 Bg7 6. Nf3 O-O 7. a4 e5 8. dxe6
fxe6 9. Bc4 Nxe4 10. Nxe4 d5 11. Ba2 dxe4 12. Qxd8 Rxd8 13. Ng5 Nc6 14. c3 Ne5
15. Ke2 b6 16. Bxe6+ Bxe6 17. Nxe6 Rd7 18. a5 Re8 19. Nxg7 Kxg7 20. axb6 axb6
21. Ra6 Re6 22. Be3 Nd3 23. b3 Kf6 24. Rha1 g5 25. g3 Kf5 26. Ra7 Ree7 27. Rxd7
Rxd7 28. Ra8 h6 29. Rf8+ Kg6 30. Re8 Kf5 31. g4+ Kf6 32. Rxe4 Ne5 33. f4 Nf7
34. f5 Ne5 35. Bf2 Ra7 36. Bg3 Ra2+ 37. Ke3 Nd7 38. Bd6 Ra3 39. Re6+ 1-0

[Event "Stuttgarter Stadtmeisterschaft 2010 A"]
[Site "Ditzingen"]
[Date "2010.05.13"]
[Round "1.9"]
[White "Zikeli, Saskia"]
[Black "Berend, Fred"]
[Result "0-1"]
[WhiteElo "2033"]
[BlackElo "2389"]
[PlyCount "62"]
[EventDate "2010.??.??"]

1. c4 e5 2. Nc3 Nf6 3. g3 Bb4 4. Bg2 O-O 5. a3 Bxc3 6. bxc3 Re8 7. d4 d6 8. Nf3
e4 9. Ng5 h6 10. Nh3 Nc6 11. O-O Na5 12. Qa4 b6 13. c5 Be6 14. Rb1 Bc4 15. Re1
Qc8 16. Bf1 g5 17. Kg2 Qf5 18. e3 Bxf1+ 19. Rxf1 dxc5 20. dxc5 Nd7 21. cxb6
cxb6 22. Rb5 Nc5 23. Qc2 Rac8 24. Ng1 Nc4 25. Ne2 Qd7 26. Nd4 Ne6 27. Qa4 Rc5
28. Rd1 Nxd4 29. Rxd4 Qxb5 30. Qxb5 Rxb5 31. Rxc4 Rb1 0-1

[Event "Stuttgarter Stadtmeisterschaft 2010 A"]
[Site "Ditzingen"]
[Date "2010.05.13"]
[Round "1.10"]
[White "Strunski, Andreas"]
[Black "Bissbort, Julian"]
[Result "1-0"]
[WhiteElo "2378"]
[BlackElo "2027"]
[PlyCount "61"]
[EventDate "2010.??.??"]

1. d4 Nf6 2. c4 e5 3. dxe5 Ne4 4. a3 d6 5. Nf3 Nc6 6. exd6 Bxd6 7. Nbd2 Bf5 8.
Nxe4 Bxe4 9. Bd2 Qe7 10. e3 Rd8 11. Qb3 Bxf3 12. gxf3 Nd4 13. Qd1 O-O 14. Bg2
Qg5 15. Kf1 Nf5 16. f4 Qh4 17. Bc3 Bc5 18. Qf3 Rfe8 19. Qh3 Qxh3 20. Bxh3 Nd6
21. Rg1 g6 22. Bf6 Nxc4 23. Bxd8 Rxd8 24. Rc1 b5 25. Rg5 f5 26. Bxf5 Nd2+ 27.
Ke2 Be7 28. Be6+ Kg7 29. Rxc7 Kf6 30. Rc6 Kg7 31. Rd5 1-0

[Event "Stuttgarter Stadtmeisterschaft 2010 A"]
[Site "Ditzingen"]
[Date "2010.05.13"]
[Round "1.11"]
[White "Probst, Alexander"]
[Black "Dobosz, Henryk"]
[Result "0-1"]
[WhiteElo "2024"]
[BlackElo "2375"]
[PlyCount "72"]
[EventDate "2010.??.??"]

1. e4 d5 2. exd5 Nf6 3. d4 Bg4 4. Be2 Bxe2 5. Nxe2 Nxd5 6. O-O e6 7. c4 Nb6 8.
b3 Be7 9. Ba3 Nc6 10. Qd3 Nb4 11. Bxb4 Bxb4 12. Nbc3 O-O 13. Rad1 Re8 14. Kh1
Bf8 15. f4 g6 16. Ne4 Bg7 17. Ng5 Nd7 18. d5 e5 19. Qg3 exf4 20. Qxf4 Nf6 21.
Nc3 Qe7 22. Nb5 h6 23. Nf3 a6 24. d6 cxd6 25. Nxd6 Qc7 26. Ne5 Re7 27. Ng4 Nxg4
28. Qxg4 Rd8 29. Nxf7 Rxd1 30. Nxh6+ Kh7 31. Rxd1 Bxh6 32. h4 Qf4 33. Qh3 Qf2
34. Rd7 Qe1+ 35. Kh2 Bf4+ 36. g3 Qxg3+ 0-1

[Event "Stuttgarter Stadtmeisterschaft 2010 A"]
[Site "Ditzingen"]
[Date "2010.05.13"]
[Round "1.12"]
[White "Gheng, Josef"]
[Black "Zimmermann, Ulrich"]
[Result "1/2-1/2"]
[WhiteElo "2321"]
[BlackElo "2022"]
[PlyCount "115"]
[EventDate "2010.??.??"]

1. e4 Nc6 2. Nc3 e5 3. f4 exf4 4. Nf3 g5 5. h4 g4 6. Ng5 h6 7. Nxf7 Kxf7 8.
Qxg4 d5 9. Qxf4+ Nf6 10. Nxd5 Bd6 11. Qxf6+ Qxf6 12. Nxf6 Kxf6 13. c3 Bg3+ 14.
Kd1 Ne5 15. Be2 Ng4 16. Rf1+ Ke7 17. Kc2 Bxh4 18. b3 Be6 19. Ba3+ Kd7 20. Bxg4
Bxg4 21. Rf7+ Kc6 22. Rh1 Bg5 23. d4 Rae8 24. Kd3 Kb6 25. Bc5+ Kc6 26. b4 b6
27. d5+ Kb7 28. Bd6 Rc8 29. c4 Rhd8 30. c5 Kb8 31. Bg3 Be6 32. Rg7 Rd7 33. Rxd7
Bxd7 34. c6 Be8 35. b5 Bg6 36. Kd4 a6 37. a4 Re8 38. e5 Bc2 39. a5 bxa5 40. b6
Bb3 41. d6 cxb6 42. d7 Re6 43. Rxh6 Kc7 44. Rh8 Kxc6 45. d8=Q Bxd8 46. Rxd8 Rg6
47. Rd6+ Rxd6+ 48. exd6 a4 49. Be5 Be6 50. Kc3 a3 51. Kb4 a2 52. Ka3 Kd5 53. d7
Bxd7 54. Bg7 Kc4 55. Kxa2 b5 56. Kb2 a5 57. Bf8 b4 58. g3 1/2-1/2

[Event "Stuttgarter Stadtmeisterschaft 2010 A"]
[Site "Ditzingen"]
[Date "2010.05.13"]
[Round "1.13"]
[White "Göbel, Constantin"]
[Black "Vuckovic, Aleksandar"]
[Result "0-1"]
[WhiteElo "2011"]
[BlackElo "2317"]
[PlyCount "82"]
[EventDate "2010.??.??"]

1. e4 c5 2. Nf3 Nc6 3. d4 cxd4 4. Nxd4 g6 5. c4 Bg7 6. Be3 Nf6 7. Nc3 Ng4 8.
Qxg4 Nxd4 9. Qd1 Ne6 10. Rc1 Qa5 11. Qc2 b6 12. a3 Bb7 13. f3 Bd4 14. Bd2 Qe5
15. Ne2 Bxb2 16. f4 Qg7 17. Rb1 Bxa3 18. Bc3 f6 19. f5 Ng5 20. Ng3 Bd6 21. e5
Bxe5 22. Bxe5 fxe5 23. h4 Nf7 24. Bd3 gxf5 25. Nxf5 Qxg2 26. Qxg2 Bxg2 27. Rg1
Bc6 28. Kd2 e6 29. Ng7+ Ke7 30. Rbf1 e4 31. Be2 Ne5 32. Nh5 Ng6 33. Rg4 Rhf8
34. Rfg1 Rf7 35. Ke3 Raf8 36. Ra1 a5 37. Rb1 Rb8 38. Ng3 Ne5 39. Rg5 Nf3 40.
Rh5 Rg8 41. Nf1 Ng1 0-1

[Event "Stuttgarter Stadtmeisterschaft 2010 A"]
[Site "Ditzingen"]
[Date "2010.05.13"]
[Round "1.14"]
[White "Kabisch, Thilo"]
[Black "Paul, Mathias"]
[Result "1-0"]
[WhiteElo "2311"]
[BlackElo "2009"]
[PlyCount "91"]
[EventDate "2010.??.??"]

1. e4 c5 2. Nf3 e6 3. d4 cxd4 4. Nxd4 Nf6 5. Nc3 Nc6 6. Ndb5 d6 7. Bf4 e5 8.
Bg5 a6 9. Na3 b5 10. Nd5 Be7 11. Nxe7 Nxe7 12. Bd3 O-O 13. O-O Nd7 14. c4 b4
15. Nc2 Rb8 16. b3 Nc5 17. f3 f6 18. Bh4 Ng6 19. Bg3 h5 20. Ne3 h4 21. Bf2 Nxd3
22. Qxd3 Nf4 23. Qd2 f5 24. exf5 Qg5 25. Kh1 Bb7 26. Bg1 h3 27. g3 Ne6 28. Rad1
Nd4 29. Nd5 Qxd2 30. Rxd2 Nxf5 31. Ba7 Rbe8 32. Kg1 Ne7 33. Nc7 Rc8 34. Ne6
Rxf3 35. Rxf3 Bxf3 36. Rxd6 Nc6 37. Rd7 g6 38. Be3 Re8 39. Rg7+ Kh8 40. Rxg6
Be4 41. Rh6+ Kg8 42. Ng5 Bg2 43. Nxh3 Bxh3 44. Rxh3 Rd8 45. Rh6 Rd1+ 46. Kg2
1-0

[Event "Stuttgarter Stadtmeisterschaft 2010 A"]
[Site "Ditzingen"]
[Date "2010.05.13"]
[Round "1.15"]
[White "Janata, Andreas"]
[Black "Holzhäuer, Mathias"]
[Result "0-1"]
[WhiteElo "2002"]
[BlackElo "2284"]
[PlyCount "114"]
[EventDate "2010.??.??"]

1. d4 Nf6 2. c4 Nc6 3. Nf3 e6 4. Nc3 Bb4 5. Qc2 d6 6. Bd2 O-O 7. a3 Bxc3 8.
Bxc3 Re8 9. Rd1 Qe7 10. e4 e5 11. d5 Nd4 12. Qd3 Nxe4 13. Bxd4 exd4 14. Qe2 Bg4
15. Rxd4 Bxf3 16. gxf3 Ng5 17. Kd1 Qf6 18. Qd3 Nxf3 19. Re4 Ng5 20. Re2 Rxe2
21. Qxe2 Kf8 22. Bg2 Re8 23. Qg4 Ne4 24. Bxe4 Qd4+ 25. Kc1 Qxc4+ 26. Kb1 Qxe4+
27. Qxe4 Rxe4 28. Rc1 Re7 29. Kc2 Ke8 30. Kd3 Kd7 31. Rc2 Re5 32. Kd4 Rh5 33.
f3 Re5 34. f4 Rh5 35. Ke4 g6 36. Rg2 Rh3 37. Rf2 Rh4 38. Ke3 f5 39. Kd3 c6 40.
dxc6+ bxc6 41. Kc3 Kc7 42. b4 Rh3+ 43. Kb2 Kb6 44. a4 a5 45. Rd2 d5 46. b5 Rf3
47. bxc6 Kxc6 48. Re2 Rxf4 49. Ka3 Rf3+ 50. Ka2 Rh3 51. Rb2 f4 52. Rb5 Rxh2+
53. Kb3 Rh3+ 54. Kc2 g5 55. Rxa5 g4 56. Ra7 g3 57. Rg7 f3 0-1

[Event "Stuttgarter Stadtmeisterschaft 2010 A"]
[Site "Ditzingen"]
[Date "2010.05.13"]
[Round "1.16"]
[White "Wiley, Tom E"]
[Black "Körber, Thomas"]
[Result "1-0"]
[WhiteElo "2281"]
[BlackElo "2002"]
[PlyCount "71"]
[EventDate "2010.??.??"]

1. d4 f5 2. g3 Nf6 3. Bg2 g6 4. Nf3 Bg7 5. O-O d6 6. c4 O-O 7. Nc3 Qe8 8. Re1
Qf7 9. b3 Ne4 10. Bb2 Nd7 11. Rc1 Ndf6 12. Nxe4 Nxe4 13. e3 c6 14. Nd2 Nxd2 15.
Qxd2 Bd7 16. Qa5 b6 17. Qa6 Qe8 18. b4 Qc8 19. Qa3 Qb7 20. Qb3 Rac8 21. f4 e6
22. e4 Rfe8 23. e5 dxe5 24. fxe5 Qb8 25. Rcd1 Rcd8 26. d5 Qc8 27. d6 c5 28. b5
Qb8 29. a4 Bc8 30. Bc6 Rf8 31. Qf3 Rf7 32. a5 Bb7 33. axb6 axb6 34. Re3 Rdf8
35. Ra3 f4 36. g4 1-0

[Event "Stuttgarter Stadtmeisterschaft 2010 A"]
[Site "Ditzingen"]
[Date "2010.05.13"]
[Round "1.17"]
[White "Schuster, Gerhard"]
[Black "Latzke, Boris Alexander"]
[Result "0-1"]
[WhiteElo "1996"]
[BlackElo "2264"]
[PlyCount "66"]
[EventDate "2010.??.??"]

1. e4 e5 2. Nf3 Nc6 3. Bb5 a6 4. Ba4 Nf6 5. O-O Nxe4 6. d4 b5 7. Bb3 d5 8. dxe5
Be6 9. Nbd2 Be7 10. c3 O-O 11. Bc2 f5 12. Nb3 Qd7 13. Nbd4 Nxd4 14. Nxd4 c5 15.
Nxe6 Qxe6 16. f3 Ng5 17. a4 f4 18. axb5 c4 19. bxa6 Bc5+ 20. Kh1 Qxe5 21. Ra5
Qd6 22. b4 cxb3 23. Bxb3 Rad8 24. a7 Kh8 25. Bxf4 Qxf4 26. Rxc5 Ne4 27. Ra5
Ng3+ 28. hxg3 Qh6+ 29. Kg1 Qb6+ 30. Kh2 Qxa5 31. Qa1 Qb6 32. Bxd5 Rxd5 33. g4
Ra5 0-1

[Event "Stuttgarter Stadtmeisterschaft 2010 A"]
[Site "Ditzingen"]
[Date "2010.05.13"]
[Round "1.18"]
[White "Dudek, Richard"]
[Black "Braun, Rüdiger-Thomas"]
[Result "1-0"]
[WhiteElo "2258"]
[BlackElo "1988"]
[PlyCount "121"]
[EventDate "2010.??.??"]

1. e4 Nc6 2. Nf3 e5 3. Bb5 f5 4. Nc3 fxe4 5. Nxe4 d5 6. Nxe5 dxe4 7. Nxc6 Qg5
8. Nd4+ c6 9. Bf1 Bg4 10. d3 Qh4 11. Be2 Bd7 12. dxe4 O-O-O 13. Qd3 Nf6 14. e5
Bc5 15. c3 Nh5 16. O-O Rhf8 17. g3 Qh3 18. Qe4 Rde8 19. e6 Bxe6 20. Nxe6 Nf6
21. Qc4 Qxe6 22. Qxc5 Qxe2 23. Bf4 Nd5 24. Bd6 Rf6 25. c4 Ree6 26. cxd5 Rxd6
27. Rae1 Qb5 28. Qxa7 Qxd5 29. Qa8+ Kc7 30. Re7+ Rd7 31. Rxd7+ Qxd7 32. Qa5+
Kb8 33. Re1 Rd6 34. Qe5 Ka7 35. Qe3+ b6 36. Qa3+ Kb7 37. Re4 Rd1+ 38. Kg2 Qd5
39. Qf3 Qd8 40. Rf4 Rd3 41. Rf7+ Rd7 42. Rf8 Qe7 43. h4 g5 44. hxg5 Qxg5 45.
Rf6 Qc5 46. a4 Rc7 47. Rh6 Qc2 48. b3 Qd2 49. Rh4 Ka7 50. b4 Qa2 51. b5 c5 52.
Rf4 Re7 53. Rf8 Rb7 54. Qe4 Qb3 55. Rh8 Qf7 56. Rc8 Qb3 57. Re8 Qf7 58. Re6 Qg8
59. a5 bxa5 60. Ra6+ Kb8 61. Qe5+ 1-0

[Event "Stuttgarter Stadtmeisterschaft 2010 A"]
[Site "Ditzingen"]
[Date "2010.05.13"]
[Round "1.19"]
[White "Klaus, Daniel"]
[Black "Braun, Peter"]
[Result "0-1"]
[WhiteElo "1985"]
[BlackElo "2228"]
[PlyCount "90"]
[EventDate "2010.??.??"]

1. e4 c5 2. Nf3 Nc6 3. d4 cxd4 4. Nxd4 g6 5. Nc3 Bg7 6. Be3 Nf6 7. Bc4 Qa5 8.
O-O O-O 9. Bb3 d6 10. h3 Bd7 11. f4 Nxd4 12. Bxd4 Bc6 13. Qd3 Rad8 14. Qe3 Nd7
15. Bxg7 Kxg7 16. Rad1 Qc5 17. Rfe1 Rfe8 18. Kf2 a5 19. Qxc5 Nxc5 20. Bd5 e6
21. Bxc6 bxc6 22. Kf3 d5 23. e5 Rb8 24. b3 Rec8 25. Rd2 Nd7 26. a4 Nc5 27. Rdd1
Rb6 28. Re2 Rb7 29. Ree1 Rcc7 30. Re2 Nd7 31. Ree1 Nb6 32. Re2 Nc8 33. Ree1 Na7
34. Rb1 Rb8 35. Red1 c5 36. g3 h5 37. Ke2 h4 38. g4 c4 39. Kd2 cxb3 40. Rxb3
Rbc8 41. Kd3 Rc4 42. f5 Nc6 43. Re1 Nb4+ 44. Kd2 d4 45. Ne4 Rxc2+ 0-1

[Event "Stuttgarter Stadtmeisterschaft 2010 A"]
[Site "Ditzingen"]
[Date "2010.05.13"]
[Round "1.20"]
[White "Vaysberg, Alexander"]
[Black "Hünerberg, Clemens"]
[Result "1/2-1/2"]
[WhiteElo "2218"]
[BlackElo "1984"]
[PlyCount "38"]
[EventDate "2010.??.??"]

1. e4 g6 2. d4 Bg7 3. Nf3 d6 4. c4 a6 5. Nc3 Bg4 6. Be2 Nc6 7. d5 Bxf3 8. Bxf3
Nd4 9. Bg4 c5 10. dxc6 bxc6 11. Be3 e5 12. O-O Ne7 13. c5 O-O 14. f4 f5 15. Be2
fxe4 16. cxd6 Nef5 17. Bc4+ Kh8 18. Bxd4 exd4 19. Nxe4 Nxd6 1/2-1/2

[Event "Stuttgarter Stadtmeisterschaft 2010 A"]
[Site "Ditzingen"]
[Date "2010.05.13"]
[Round "1.21"]
[White "Geigle, Bruno"]
[Black "Naumann, Axel"]
[Result "1-0"]
[WhiteElo "1981"]
[BlackElo "2209"]
[PlyCount "64"]
[EventDate "2010.??.??"]

1. e4 c5 2. Nf3 Nc6 3. d4 cxd4 4. Nxd4 Nf6 5. Nc3 e5 6. Ndb5 d6 7. Bg5 a6 8.
Na3 b5 9. Nd5 Be7 10. Bxf6 Bxf6 11. c3 O-O 12. Nc2 Bg5 13. a4 bxa4 14. Rxa4 a5
15. Bc4 Kh8 16. Nce3 Bxe3 17. Nxe3 Ne7 18. O-O Be6 19. Bxe6 fxe6 20. Nc4 Nc8
21. Qa1 Nb6 22. Nxb6 Qxb6 23. b4 d5 24. bxa5 Qc5 25. Qa3 Rfc8 26. Qxc5 Rxc5 27.
exd5 exd5 28. a6 Ra7 29. Rb1 h6 30. Rb7 Rxc3 31. g3 Rc7 32. Rxc7 Rxc7 1-0

[Event "Stuttgarter Stadtmeisterschaft 2010 A"]
[Site "Ditzingen"]
[Date "2010.05.13"]
[Round "1.22"]
[White "Zhou, Syang"]
[Black "Hirschfeld, Dennis"]
[Result "1/2-1/2"]
[WhiteElo "2206"]
[BlackElo "1980"]
[PlyCount "94"]
[EventDate "2010.??.??"]

1. e4 c5 2. Nf3 g6 3. d4 cxd4 4. Nxd4 Nc6 5. c4 Nf6 6. Nc3 d6 7. Be2 Nxd4 8.
Qxd4 Bg7 9. Bg5 O-O 10. Qd2 a6 11. O-O Rb8 12. Rfe1 Be6 13. Rad1 Qc8 14. b3 Re8
15. Bf1 Qc5 16. Nd5 Bxd5 17. exd5 a5 18. h3 b6 19. Be3 Qc7 20. Bd4 Nd7 21. Bxg7
Kxg7 22. a3 Ra8 23. b4 axb4 24. axb4 Nf6 25. Ra1 Qb7 26. Qe3 Ng8 27. g4 h6 28.
Rxa8 Rxa8 29. Bg2 Qc7 30. Qc3+ Kh7 31. Rc1 Nf6 32. Qd4 Ra4 33. Qd2 Qa7 34. Re1
Ra1 35. Kh2 Rxe1 36. Qxe1 Kg7 37. Qe3 Ng8 38. Kg3 Qa6 39. Bf1 Qa7 40. Bd3 Nf6
41. Bc2 Qa1 42. Kg2 Qa6 43. c5 bxc5 44. bxc5 Qc4 45. Bb3 Qxc5 46. Qxe7 Qb4 47.
Qe3 Qe4+ 1/2-1/2

[Event "Stuttgarter Stadtmeisterschaft 2010 A"]
[Site "Ditzingen"]
[Date "2010.05.13"]
[Round "1.23"]
[White "Marquardt, Patrick"]
[Black "Weiler, Dieter"]
[Result "1/2-1/2"]
[WhiteElo "1979"]
[BlackElo "2202"]
[PlyCount "34"]
[EventDate "2010.??.??"]

1. e4 c5 2. Nf3 Nc6 3. d4 cxd4 4. Nxd4 e6 5. Nc3 Qc7 6. Be2 a6 7. O-O Nf6 8.
Kh1 Nxd4 9. Qxd4 Bc5 10. Qd3 O-O 11. f4 d6 12. Qg3 Bd4 13. Bd2 b5 14. a3 Bb7
15. Bd3 e5 16. f5 Kh8 17. Qh4 Bxc3 1/2-1/2

[Event "Stuttgarter Stadtmeisterschaft 2010 A"]
[Site "Ditzingen"]
[Date "2010.05.13"]
[Round "1.24"]
[White "Szenetra, Werner"]
[Black "Stein, Carsten"]
[Result "1-0"]
[WhiteElo "2201"]
[BlackElo "1977"]
[PlyCount "66"]
[EventDate "2010.??.??"]

1. Nf3 d5 2. d3 Nc6 3. g3 e5 4. Bg2 Bc5 5. O-O Nge7 6. c3 f6 7. b4 Bd6 8. e4
dxe4 9. dxe4 Be6 10. Na3 a6 11. Nc2 Ng6 12. Qe2 Qc8 13. Ne3 O-O 14. h4 Nge7 15.
a4 f5 16. Ng5 f4 17. Nxe6 Qxe6 18. Qc4 Rf6 19. Qxe6+ Rxe6 20. Nd5 Rf8 21. Ba3
Rg6 22. Nxe7+ Bxe7 23. Kh2 Rh6 24. b5 Bxa3 25. bxc6 Bb2 26. Rab1 Bxc3 27. cxb7
Rb8 28. Rfc1 Ba5 29. Bh3 Bb6 30. Kg2 Rd6 31. gxf4 exf4 32. e5 Rd2 33. Rxb6 f3+
1-0

[Event "Stuttgarter Stadtmeisterschaft 2010 A"]
[Site "Ditzingen"]
[Date "2010.05.13"]
[Round "1.25"]
[White "Yin, Stanley"]
[Black "Nabavi, Parwis"]
[Result "0-1"]
[WhiteElo "1976"]
[BlackElo "2194"]
[PlyCount "60"]
[EventDate "2010.??.??"]

1. f4 d5 2. Nf3 g6 3. c3 Bg7 4. g3 Nf6 5. Bg2 O-O 6. O-O Nc6 7. d3 Bf5 8. h3
Qd6 9. Be3 e5 10. b4 Nd7 11. d4 exd4 12. Nxd4 Rfe8 13. Nb5 Qe7 14. Bf2 Nb6 15.
Bc5 Qd7 16. g4 Be4 17. Bxe4 Rxe4 18. Nd2 Ree8 19. a4 a5 20. Rb1 axb4 21. Bxb6
cxb6 22. cxb4 Qe7 23. Nf3 Qe3+ 24. Rf2 Qxf4 25. Qxd5 Rad8 26. Qa2 Nxb4 27. Rxb4
Qg3+ 28. Kf1 Rd1+ 29. Ne1 Qxh3+ 30. Rg2 Qh1+ 0-1

[Event "Stuttgarter Stadtmeisterschaft 2010 A"]
[Site "Ditzingen"]
[Date "2010.05.13"]
[Round "1.26"]
[White "Aring, Gerd"]
[Black "Schmid, Eugen"]
[Result "1-0"]
[WhiteElo "2190"]
[BlackElo "1974"]
[PlyCount "33"]
[EventDate "2010.??.??"]

1. d4 Nf6 2. c4 e6 3. Nf3 b6 4. g3 Bb7 5. Bg2 Be7 6. O-O O-O 7. d5 Na6 8. Nd4
c6 9. dxe6 dxe6 10. Nxc6 Qc7 11. Bf4 Qxc6 12. Bxc6 Bxc6 13. Nc3 Rfd8 14. Qb3 h6
15. Rad1 Nh7 16. Rxd8+ Rxd8 17. Rd1 1-0

[Event "Stuttgarter Stadtmeisterschaft 2010 A"]
[Site "Ditzingen"]
[Date "2010.05.13"]
[Round "1.27"]
[White "Stitterich, Nadine"]
[Black "Migl, Dieter"]
[Result "0-1"]
[WhiteElo "1974"]
[BlackElo "2183"]
[PlyCount "106"]
[EventDate "2010.??.??"]

1. e4 e6 2. d4 d5 3. Nc3 Nc6 4. e5 f6 5. f4 Nh6 6. Nf3 Be7 7. Be3 O-O 8. Qd2 b6
9. O-O-O Na5 10. Rg1 Ng4 11. Kb1 fxe5 12. fxe5 Nxe3 13. Qxe3 c5 14. g4 Nc6 15.
Rg2 cxd4 16. Nxd4 Nxd4 17. Qxd4 Bc5 18. Qd2 Bb7 19. Re2 Qh4 20. Qd3 a5 21. Qh3
Qxh3 22. Bxh3 g5 23. Nb5 Ba6 24. a4 Rf4 25. b3 Raf8 26. Ree1 Rf3 27. Bf1 Bb4
28. c3 Bxc3 29. Nxc3 Bxf1 30. Kc2 Ba6 31. Kb2 Rf2+ 32. Ka3 Rxh2 33. Nb5 Rff2
34. Ra1 Bxb5 35. axb5 Rhg2 36. Rec1 Rc2 37. Rf1 Rgf2 38. Rxf2 Rxf2 39. Rc1 Rf4
40. Rc6 Rxg4 41. Rxe6 Rb4 42. Rxb6 d4 43. e6 Kf8 44. Rb8+ Ke7 45. Rg8 Rxb5 46.
Rg7+ Kxe6 47. Rxh7 Kf5 48. Rh1 Ke4 49. Re1+ Kf3 50. Rd1 Ke3 51. Rh1 d3 52. Rh3+
Kd4 53. Rh2 Kc3 0-1

[Event "Stuttgarter Stadtmeisterschaft 2010 A"]
[Site "Ditzingen"]
[Date "2010.05.13"]
[Round "1.28"]
[White "Gabriel, Josef"]
[Black "Gibicar, Danijel"]
[Result "1/2-1/2"]
[WhiteElo "2165"]
[BlackElo "1965"]
[PlyCount "121"]
[EventDate "2010.??.??"]

1. c4 e5 2. Nc3 Nc6 3. g3 g6 4. Bg2 Bg7 5. Nf3 f5 6. d3 Nf6 7. O-O O-O 8. d4 d6
9. Rb1 h6 10. dxe5 dxe5 11. Nb5 Qe7 12. b3 Rd8 13. Qc2 Nb4 14. Ba3 c5 15. Qb2
e4 16. Nh4 Kh7 17. Bxb4 cxb4 18. Nd4 Ng4 19. e3 Qc5 20. h3 Ne5 21. Qe2 Nd3 22.
g4 Bxd4 23. exd4 Qxd4 24. gxf5 gxf5 25. Rbd1 Be6 26. Qe3 Qf6 27. Bxe4 Qxh4 28.
Bxd3 Rg8+ 29. Kh2 Rae8 30. Rg1 Bd7 31. Qf3 Qf6 32. Qf4 Bc8 33. Rde1 Rxe1 34.
Rxe1 Qg5 35. Qxg5 hxg5 36. Re5 Kg6 37. c5 Kf6 38. Rd5 Be6 39. Rd4 Re8 40. Bb5
Re7 41. Bc4 Ke5 42. Bxe6 Rxe6 43. Rd7 b6 44. cxb6 axb6 45. Kg3 Rc6 46. f3 Rc2
47. Rg7 Rxa2 48. Rxg5 Rb2 49. Rg6 Rxb3 50. Rxb6 Rb1 51. Rb5+ Ke6 52. Kf4 Rh1
53. Kg3 Rb1 54. h4 b3 55. Kf4 b2 56. Rb6+ Ke7 57. Rb3 Kf6 58. Rb7 Rh1 59. Rb6+
Kf7 60. Rxb2 Rxh4+ 61. Kxf5 1/2-1/2